Score 0/20 Timer 04:00
8 Plays Today
Question Answer Wrong Answers
Guam United States
93.3%
Australia
1.4%
Fiji
2.9%
Japan
2.3%
Sicily Italy
92.6%
Greece
0.9%
France
0.9%
Spain
0.6%
Crete Greece
86.2%
Croatia
3.9%
Turkey
5.3%
Ukraine
3.1%
Canary Islands Spain
84.3%
France
5.3%
Mexico
1.6%
Morocco
3.8%
Zanzibar Tanzania
83.4%
Kenya
8.4%
Egypt
3.7%
Sudan
1.9%
Java Indonesia
77.1%
Malaysia
7.2%
Brunei
6.4%
Thailand
4.4%
Easter Island Chile
76.4%
Peru
16%
Panama
2.1%
Brazil
5.1%
Cape Breton Island Canada
76%
United States
6.8%
Russia
3.8%
Denmark
9.8%
Tahiti France
75.6%
Canada
0.9%
United States
6.8%
New Zealand
16%
Galápagos Islands Ecuador
75%
Peru
7.7%
Chile
6.6%
Argentina
8.7%
Aruba Netherlands
71.1%
Venezuela
6.6%
Spain
10.7%
Mexico
9.8%
Azores Portugal
65.2%
France
4.1%
Spain
22.6%
Italy
3.2%
Christmas Island Australia
61%
New Zealand
30.1%
Indonesia
5.1%
Malaysia
2.5%
Niue New Zealand
55.8%
Australia
8.8%
France
19.4%
Germany
11%
Faroe Islands Denmark
55%
Norway
17.5%
Netherlands
3.5%
United Kingdom
20%
Hainan China
53.4%
Japan
18.8%
Philippines
14.7%
Indonesia
8.4%
Qeshm Iran
45.4%
Iraq
20.2%
Pakistan
21.9%
India
7.9%
Nicobar Islands India
43%
Thailand
15.6%
Sri Lanka
15.1%
Malaysia
23.1%
Socotra Yemen
42.4%
Somalia
21.7%
Eritrea
16.2%
Oman
16.2%
Bioko Equatorial Guinea
31.8%
South Africa
22%
Angola
14.8%
Nigeria
27.2%
Remove Ads.
Support Sporcle.
Get the best of Sporcle when you Go Orange. This ad-free experience offers more features, more stats, and more fun while also helping to support Sporcle. Thank you for becoming a member.

You're not logged in!

Compare scores with friends on all Sporcle quizzes.
OR
Log In

Show Comments

Extras

Top Quizzes Today


Score Distribution

Your Account Isn't Verified!

In order to create a playlist on Sporcle, you need to verify the email address you used during registration. Go to your Sporcle Settings to finish the process.

Report this User

Report this user for behavior that violates our Community Guidelines.

Details: